| 000 | 00416nam a2200145Ia 4500 | ||
|---|---|---|---|
| 008 | 231129s2000||||xx |||||||||||||| ||spa|| | ||
| 020 | _a958-02-1434-4 | ||
| 040 | _bspa | ||
| 082 | _a910.13330861 R696t | ||
| 100 | _aRodriguez Latorre Martha Mercedes | ||
| 245 | 0 | _aTravesia : Geografia socioeconomica de Colombia | |
| 260 | _c2000 | ||
| 264 | _aVoluntad | ||
| 942 |
_2ddc _cBKS |
||
| 999 |
_c25649 _d25649 |
||